Statistics for Broadway Musicals by Opening Numbers

Click here to take the quiz!

General Stats

  • This quiz has been taken 2,200 times
  • The average score is 11 of 29

Answer Stats

Opening Number Musical % Correct
Circle of LifeThe Lion King
97%
AquariusHair
94%
Good Morning BaltimoreHairspray
89%
Oh, What a Beautiful Mornin'Oklahoma
75%
Look DownLes Miserables
64%
TraditionFiddler on the Roof
62%
WilkomenCabaret
57%
Oh, The Thinks You Can Think!Seussical the Musical
54%
Why Can't the English?My Fair Lady
46%
It Sucks to be MeAvenue Q
45%
Good NewsWicked
43%
SummertimePorgy and Bess
39%
I, Don QuixoteMan of LaMancha
37%
Magic to DoPippin
35%
Opening NightThe Producers
35%
Fugue for Tin HornsGuys and Dolls
30%
Comedy TonightA Funny Thing Happened on the Way to the Forum
26%
Alma MaterGrease
24%
Another Op'nin, Another ShowKiss Me Kate
23%
A Woman Who Arranges ThingsHello Dolly
18%
Tower of BabbleGodspell
17%
I Wonder What the King is Doing TonightCamelot
16%
An English TeacherBye Bye Birdie
15%
Night WaltzA Little Night Music
15%
Everybody's Got the RightAssassins
9%
The Audition42nd Street
7%
Fancy DressThe Drowsy Chaperone
7%
The Happiest Town in TownYoung Frankenstein
5%
Instructions for the AudienceThe Frogs
4%

Score Distribution

Percentile by Number Answered

Percent of People with Each Score

Your Score History

You have not taken this quiz